<?xml version="1.0" encoding="UTF-8"?><?xml-stylesheet type="text/xsl" href="static/style.xsl"?><OAI-PMH xmlns="http://www.openarchives.org/OAI/2.0/" xmlns:xsi="http://www.w3.org/2001/XMLSchema-instance" xsi:schemaLocation="http://www.openarchives.org/OAI/2.0/ http://www.openarchives.org/OAI/2.0/OAI-PMH.xsd"><responseDate>2026-04-28T03:51:56Z</responseDate><request verb="GetRecord" identifier="oai:riubu.ubu.es:10259/9146" metadataPrefix="marc">https://riubu.ubu.es/oai/request</request><GetRecord><record><header><identifier>oai:riubu.ubu.es:10259/9146</identifier><datestamp>2024-05-08T00:05:30Z</datestamp><setSpec>com_10259_3822</setSpec><setSpec>com_10259_5086</setSpec><setSpec>com_10259_2604</setSpec><setSpec>col_10259_3823</setSpec></header><metadata><record xmlns="http://www.loc.gov/MARC21/slim" xmlns:doc="http://www.lyncode.com/xoai" xmlns:xsi="http://www.w3.org/2001/XMLSchema-instance" xmlns:dcterms="http://purl.org/dc/terms/" xsi:schemaLocation="http://www.loc.gov/MARC21/slim http://www.loc.gov/standards/marcxml/schema/MARC21slim.xsd">
<leader>00925njm 22002777a 4500</leader>
<datafield tag="042" ind1=" " ind2=" ">
<subfield code="a">dc</subfield>
</datafield>
<datafield tag="720" ind1=" " ind2=" ">
<subfield code="a">Delgado del Rincón, Luis Esteban</subfield>
<subfield code="e">author</subfield>
</datafield>
<datafield tag="260" ind1=" " ind2=" ">
<subfield code="c">2023-03-20</subfield>
</datafield>
<datafield tag="520" ind1=" " ind2=" ">
<subfield code="a">La protección de las personas más vulnerables frente a situaciones de necesidad económica y social es un mandato constitucional dirigido a los poderes públicos. El trabajo analiza el desarrollo legal del derecho al ingreso mínimo vital como prestación asistencial de la Seguridad Social y algunos de  los  elementos  que  integran  su  contenido.  También  examina  algunos  problemas sobre la compatibilidad del ingreso mínimo vital con las rentas mínimas de inserción social de las Comunidades Autónomas, conforme al sistema de distribución de competencias establecido por la jurisprudencia del Tribunal Constitucional.</subfield>
</datafield>
<datafield tag="520" ind1=" " ind2=" ">
<subfield code="a">The  protection  of  the  most  vulnerable  people  in  situations  of  economic  and social need is a constitutional order addressed to the public powers. The paper analyzes the legal development of the right to the minimum living  rent  as  a  Social  Insurance  assistance  benefit  and  some  of  the  elements that make up its content. It also examines some problems on the compatibility  of  the  minimum  living  rent  with  the  minimum  rents  for  social insertion of the Autonomous Communities, in accordance with the system of distribution of powers established by the jurisprudence of the Constitutional Court.</subfield>
</datafield>
<datafield tag="024" ind2=" " ind1="8">
<subfield code="a">0211-979X</subfield>
</datafield>
<datafield tag="024" ind2=" " ind1="8">
<subfield code="a">http://hdl.handle.net/10259/9146</subfield>
</datafield>
<datafield tag="024" ind2=" " ind1="8">
<subfield code="a">10.5944/rdp.116.2023.37152</subfield>
</datafield>
<datafield tag="024" ind2=" " ind1="8">
<subfield code="a">2174-5625</subfield>
</datafield>
<datafield ind1=" " ind2=" " tag="653">
<subfield code="a">Estado social</subfield>
</datafield>
<datafield ind1=" " ind2=" " tag="653">
<subfield code="a">Personas vulnerables</subfield>
</datafield>
<datafield ind1=" " ind2=" " tag="653">
<subfield code="a">Rentas mínimas de inserción social</subfield>
</datafield>
<datafield ind1=" " ind2=" " tag="653">
<subfield code="a">Derecho a la protección social frente a la pobreza</subfield>
</datafield>
<datafield ind1=" " ind2=" " tag="653">
<subfield code="a">Social state</subfield>
</datafield>
<datafield ind1=" " ind2=" " tag="653">
<subfield code="a">Vulnerable people</subfield>
</datafield>
<datafield ind1=" " ind2=" " tag="653">
<subfield code="a">Minimum rents for social insertion</subfield>
</datafield>
<datafield ind1=" " ind2=" " tag="653">
<subfield code="a">Right to social protection against poverty</subfield>
</datafield>
<datafield tag="245" ind1="0" ind2="0">
<subfield code="a">El derecho a la prestación social del ingreso mínimo vital: algunas consideraciones sobre sus elementos y problemas competenciales</subfield>
</datafield>
</record></metadata></record></GetRecord></OAI-PMH>